00861nam a2200229 a 4500001001000000003000900010005001700019008004100036020001500077040002500092082002300117100003200140245012000172246006900292260003700361300002100398650006000419650005300479651005500532700003200587710001200619000006463DO-SdBNP20250307132533.0090831s2004 dr 001 0 spa d a9993479144 aDO-SdBNPbspacBNPHU a354.75097293bJ82c1 aJorge Mera, Orlando,d1966-10a4 años al frente de INDOTEL :bdesafíos, logros y metas /cOrlando Jorge Mera ; edición Margarita Marmolejos.1 aCuatro años al frente de INDOTEL:bdesafíos, logros y metas. aSanto Domingo :bINDOTEL,c2004. a202 p. ;c23 cm. 4aIndustria de telecomunicacioneszRepública Dominicana 4aInstituciones públicaszRepública Dominicana 4aRepública DominicanaxAdministración Pública1 aMarmolejos, Margarita,eed.2 aINDOTEL